| 000 | 00473nam a2200157Ia 4500 | ||
|---|---|---|---|
| 008 | 160316s1998 xxu||||| |||| 00| 0 eng d | ||
| 082 |
_a344.046000 _bUNI |
||
| 100 | _a | ||
| 245 | _aTeaching environmental law in the national and regional context | ||
| 250 | _a | ||
| 260 |
_a _bUnited National University _c1998 |
||
| 300 |
_a70 _b _c |
||
| 365 | _b | ||
| 650 | _a1. Environmental law - corporate responsibilities 2. Industry 3. Environmental management | ||
| 700 |
_a _a |
||
| 999 |
_c41787 _d41787 |
||